Vận tải giao nhận hàng hóa xuất nhập khẩu

Đã lưu trong:
书目详细资料
主要作者: Hoàng Văn Châu
格式: 图书
语言:Undetermined
出版: H. KHKT 2003
主题:
标签: 添加标签
没有标签, 成为第一个标记此记录!
Thư viện lưu trữ: Trung tâm Học liệu Trường Đại học Cần Thơ
LEADER 00542nam a2200193Ia 4500
001 CTU_62617
008 210402s9999 xx 000 0 und d
020 |b 29000 
082 |a 387.5 
082 |b Ch125 
100 |a Hoàng Văn Châu 
245 0 |a Vận tải giao nhận hàng hóa xuất nhập khẩu 
245 0 |c Hoàng Văn Châu 
260 |a H. 
260 |b KHKT 
260 |c 2003 
650 |a foreign trade,marine transportation 
904 |i Minh 
980 |a Trung tâm Học liệu Trường Đại học Cần Thơ